000
00257nam a22001217a 4500
082
_a
621.165 CHU'S
100
_a
CHURCH, E. F
_9
78583
245
_a
STEAM TURBINES
250
_a
3RD
260
_a
NEWYORK
_b
MCGRAW HILL
_c
1950
300
_a
531P
942
_c
BK
999
_c
583692
_d
583692